00669nam a2200241 a 4500001001300000003000900013005001700022008004100039020001000080082001500090100001700105245004600122260003000168300000800198500003500206505002100241650002600262700001700288902000800305942000700313952009400320999001300414nice12345678IN_TiNIC20260116011328.0050524s1904 leia grs 000 0 17g  ac10000a229.4bLEV aLevi, Israel aHebrew Text of the Book of Ecclesiasticus aLeidenbE. J. Brillc1904 a85p aincludes index and biblioraphy2 aBiblio..., Index aEcclesiasticus-Hebrew1 aLevi, Israel bSRS cPS 00104070aHMIbHMId2007-06-21g100.00l0o229.4 LEVp1670r2007-06-21w2026-01-16yEB c559d559